000 00346nam a2200145Ia 4500
008 221030s9999 xx 000 0 und d
041 _aEnglish
082 _a105.23
100 _aA. G. Lyle
245 0 _aMajor Faults on Power Systems
_cby A. G. Lyle
260 _bChapman & Hall
_aLondon
_c1952
300 _a355
650 _aEE
942 _cBK
999 _c11533
_d11533